000 00586nam a22001697a 4500
005 20251108174832.0
008 250721s2009 xx 000 0 ara d
082 1 4 _aم/331.38021/أرد
245 1 0 _aالأطفال العاملون في المملكة الأردنية الهاشمية نتائج مسح عمالة الأطفال 2007 /
264 1 _aعمان :
_bدائرة الإحصاءات العامة،
_c2009.
300 _a62 ص.
650 1 7 _aتشغيل الأحداث
650 1 7 _aالعاملون
650 1 7 _aالأطفال
942 _2ddc
_cREF
999 _c119309
_d119309